000 01000cam a22003017a 4500
003 CHAP
005 20220329133330.0
008 971013s r 00010 d
010 _a5039
011 _a6011
035 _a5228
040 _cCHAP
090 _aR-3389
100 0 0 _aWeil, Benjamin Henry.
_9121358
245 0 _aNormas para la redacción de compendios
500 _aSobretiro de: Journal of the American Society for Information Science 21: 351-357, 1970
590 _aBATCH-UPD
_b10
_c20130110
_lUCH01
_h0245
590 _aBATCH-UPD
_b10
_c20130110
_lUCH01
_h1606
590 _aBATCH-UPD
_b10
_c20130409
_lUCH01
_h2315
590 _aBATCH-UPD
_b10
_c20130410
_lUCH01
_h1500
590 _aBATCH-UPD
_b10
_c20130914
_lUCH01
_h2051
590 _aCONVERSION
_b10
_c20130109
_lUCH01
_h1304
650 1 4 _aTrabajos científicos
_xElaboración.
_9114562
650 1 4 _aTrabajos científicos
_xResúmenes.
_9114563
901 _aBK
942 _cREIMP
949 _aR-3389
_bBC
_cR
_d-14797
_eTS1
_i5228
_mD
_si
999 _c5039
_d5039